| 000 | 00856nam a2200241 i 4500 | ||
|---|---|---|---|
| 001 | 105966 | ||
| 003 | ES-MaACL | ||
| 005 | 20250907063100.0 | ||
| 007 | t| | ||
| 008 | 060915s1952 sp |||| | spa d | ||
| 080 | _a821.134.2 García Lorca, Federico 1.06 | ||
| 080 | _a929 García Lorca, Federico | ||
| 100 | 1 |
_aRío, Ángel del, _d1900-1962 _997297 |
|
| 245 | 1 | 0 |
_aVida y obras de Federico García Lorca / _cAngel del Río. |
| 260 |
_aZaragoza : _b[s.n.], _c1952. |
||
| 300 |
_a168 p. ; _c18 cm. |
||
| 490 | 1 |
_aEstudios literarios ; _v3 |
|
| 600 | 1 | 4 |
_aGarcía Lorca, Federico, _d1898-1936- _xBiografías _954854 |
| 600 | 1 | 4 |
_aGarcía Lorca, Federico, _d1898-1936- _xCrítica e interpretación _954857 |
| 830 | 0 |
_aEstudios literarios ; _v3 _9181462 |
|
| 852 |
_aES-MaACL _jAND-901 _z. - Biblioteca Juan Andrade |
||
| 999 |
_c105966 _d105966 |
||